000 01075nam a2200277 4500
001 120925
003 ES-MaACL
005 20250401134746.0
007 t|
008 070214s1952 sp r ||||1| spa d
100 1 _aPratt, Gerald H.
_993716
245 1 0 _aTratamiento quirúrgico de las enfermedades vasculares /
_cGerald H. Pratt ; traducción de la edición original por los Doctores L. Oller Croiset y J. Valls Serra.
250 _a1ª ed.
260 _aBarcelona :
_bJosé Janés,
_c1952.
300 _aXX, 555 p. :
_bil. ;
_c25 cm.
490 1 _aPublicaciones médicas
650 4 _912270
_aEnfermedades vasculares
700 0 _aOller Crosiet, Luis.
_986914
700 1 _aValls Serra, J.
_9112951
830 0 _aPublicaciones médicas
_9181357
852 _aES-MaACL
_jD-6422
_bR.32712
_bR.M.6017
_9125430
_cSVI
_xEncuadernación en tela azul marino
942 _2udc
_cMONOGRAFIA
999 _c120925
_d120925